000 00363nam a2200133Ia 4500
008 230411s9999 xx 000 0 und d
041 _aeng
082 _aF/610.73/INA/B02344
100 _aInamdar Madhuri
245 _aNursing Arts : Principles and practice
260 _bVora Medical Publications
_aMumbai
_c2005
300 _a201p
999 _c153546
_d153546